| 000 | 00942cab a2200277 4500 | ||
|---|---|---|---|
| 001 | ABS54351 | ||
| 008 | 090401t1996 xxu||||| |||| 00| 0 eng d | ||
| 035 | _a(Sirsi) u9929 | ||
| 041 | _aeng | ||
| 100 | _aGood, B.J.C. | ||
| 245 | _aWestern Heritable Investment Company Ltd v David Johnston | ||
| 260 | _c1996 | ||
| 350 | _a0 | ||
| 490 |
_aJournal of Institute of Rent Officers _v26(4) January 1996, 5-15(3) |
||
| 520 | _aDiscusses "Western Heritable Investment Company Ltd v David Johnston and others" 1995 concerning fair rents and scarcity value. | ||
| 650 | _aASSURED TENANCIES | ||
| 650 | _aFAIR RENTS | ||
| 650 | _aHOUSING ACT 1988 | ||
| 650 | _aSCARCITY VALUE | ||
| 650 | _aSCOTLAND | ||
| 650 | _aSPATH HOLME LTD V GREATER MANCHESTER AND LANCASHIRE RENT ASSESSMENT COMMITTEE | ||
| 650 | _aWESTERN HERITABLE INVESTMENT COMPANY LTD V DAVID JOHNSTON | ||
| 690 | _aHOUSING-CASE LAW | ||
| 942 | _n0 | ||
| 948 | _c04/03/1997 | ||
| 999 |
_c6247 _d6247 |
||